| 000 | 00676nam a2200205Ia 4500 | ||
|---|---|---|---|
| 003 | GCL | ||
| 008 | 140319s9999 xx 000 0 ara d | ||
| 020 | _a9113369957 | ||
| 040 |
_aGCL / _cGCL |
||
| 082 | 0 | 4 |
_aط _b813.02 _bع ق |
| 100 | 1 | _aريما البرغوثى | |
| 245 | 1 | 0 |
_aالقصص العالمية : سندريلا والحورية / _cريما البرغوثى |
| 700 | 1 | _aعلى هصيص | |
| 260 |
_aالاردن : _bدار الاسراء للنشر والتوزيع ، _c2006 |
||
| 300 |
_a16 سم ؛ _c32 سم |
||
| 490 |
_aالقصص العالمية _v0 |
||
| 650 | 0 | 4 | _aالقصص القصيرة |
| 650 | 0 | 4 | _aقصص الاطفال |
| 942 |
_2ddc _cBK |
||
| 999 |
_c10062 _d10062 |
||